[Event "13th EICC"]
[Site "Plovdiv BUL"]
[Date "2012.03.30"]
[Round "10.59"]
[White "Parligras,M"]
[Black "Miron,L"]
[Result "1-0"]
[WhiteElo "2614"]
[BlackElo "2518"]

1.d4 Nf6 2.c4 e6 3.Nf3 d5 4.Nc3 c6 5.e3 Nbd7 6.Bd3 dxc4 7.Bxc4 Bd6 8.e4 b5
9.Bd3 e5 10.O-O O-O 11.Ne2 c5 12.dxe5 Nxe5 13.Nxe5 Bxe5 14.Bxb5 Qb6 15.Bc4 Nxe4
16.Qd5 Nd6 17.Qxe5 Nxc4 18.Qc3 Ba6 19.b3 Nd6 20.Bb2 f6 21.Rfe1 Nb5 22.Qc4+ Kh8
23.Qh4 Rfe8 24.Nf4 Qd6 25.Ng6+ Kg8 26.Qc4+  1-0

[Event "13th EICC"]
[Site "Plovdiv BUL"]
[Date "2012.03.30"]
[Round "10.61"]
[White "Sebenik,M"]
[Black "Hovhannisyan,R"]
[Result "1/2-1/2"]
[WhiteElo "2529"]
[BlackElo "2600"]

1.d4 d5 2.c4 c6 3.Nc3 Nf6 4.e3 e6 5.Nf3 Nbd7 6.Qc2 Bd6 7.Bd3 dxc4 8.Bxc4 b5
9.Bd3 Bb7 10.Bd2 O-O 11.Ng5 h6 12.Nge4 Be7 13.Nxf6+ Nxf6 14.Ne4 Nxe4 15.Bxe4 b4
16.a3 a5 17.axb4 axb4 18.O-O Qb6 19.Rfc1 Rac8 20.Qa4 c5 21.Bxb7 Qxb7 22.Qa7 Qxa7
23.Rxa7 Bf6 24.Rxc5 Rxc5 25.dxc5 Rd8 26.Be1 Bxb2 27.Kf1 Bc3 28.Ke2 Bxe1 29.Kxe1 b3
30.Rb7 Rc8 31.Rxb3 Rxc5 32.Ke2 g5 33.g4 Kg7 34.h3 Kg6 35.Kf3 h5 36.gxh5+ Kxh5
37.Rb8 Rc4 38.Kg3 Kg6 39.Rb6 Rc1 40.Ra6 Kf6 41.Ra5  1/2-1/2

[Event "13th EICC"]
[Site "Plovdiv BUL"]
[Date "2012.03.30"]
[Round "10.86"]
[White "Maiorov,N1"]
[Black "Gabuzyan,H"]
[Result "1/2-1/2"]
[WhiteElo "2552"]
[BlackElo "2441"]

1.d4 d5 2.c4 c6 3.Nc3 Nf6 4.e3 e6 5.Nf3 Nbd7 6.Bd3 dxc4 7.Bxc4 b5 8.Bd3 Bd6
9.O-O Bb7 10.Bd2 O-O 11.Rc1 Qe7 12.e4 e5 13.dxe5 Bxe5 14.Nxe5 Nxe5 15.Bb1 Rad8
16.Qe2 Nc4 17.Bf4 Rfe8 18.b3 Na3 19.Bd3 c5 20.e5 Qd7 21.Rfd1 Qc6 22.Qf1 Rd4
23.Ne2 Rd7 24.exf6 Red8 25.Be3 Rxd3 26.Rxd3 Rxd3 27.Bxc5 Nc2 28.Bxa7 Qd6
29.fxg7 Rd2 30.f3 b4 31.Ng3 Ba6 32.Ne4 Qg6 33.Rd1 Bxf1 34.Rxd2 Qa6 35.Rxc2 Bd3
36.Rc7 Bxe4 37.fxe4 Kxg7 38.Bd4+ Kg6 39.Rc2 Qd3 40.Rc6+ Kg5 41.Bf6+ Kf4 42.h3 Qb1+
43.Kh2 Qxa2 44.Be7 Qxb3 45.Rf6+ Kxe4 46.Rb6 Qc3 47.Rxb4+ Kd5 48.Rb5+ Ke6
49.Bh4 f5 50.Bg3 Qd4 51.Re5+ Kf6 52.Re2 Kg6 53.Rf2 Qd8 54.Rf4 h5 55.Rh4  1/2-1/2

[Event "European Senior Teams 2012"]
[Site "Rogaska Slatina SLO"]
[Date "2012.03.30"]
[Round "4.4"]
[White "Kristiansen,E"]
[Black "Rosenlund,T"]
[Result "0-1"]
[WhiteElo "2181"]
[BlackElo "2286"]

1.d4 d5 2.c4 e6 3.Nc3 c6 4.e3 Nf6 5.Nf3 Nbd7 6.cxd5 exd5 7.Bd3 Bd6 8.O-O O-O
9.Qc2 Re8 10.b3 Qe7 11.Nd2 Nf8 12.Bf5 g6 13.Bxc8 Raxc8 14.Bb2 Ne6 15.Nf3 Ng7
16.Rfe1 Nf5 17.Rad1 Bb8 18.Qb1 Rcd8 19.h3 Ne4 20.Nxe4 dxe4 21.Ne5 f6 22.Ng4 h5
23.Nh2 Nh4 24.Qc2 Bxh2+ 25.Kxh2 Rd5 26.Rg1 g5 27.Qe2 Kg7 28.Qxh5 Rh8 29.Qg4 Nf5
30.g3 Nh6 31.Qe2 f5 32.Rc1 Kg6 33.Rc5 Ng4+ 34.Kg2 Nf6 35.Ba3 Qe6 36.Rh1 a6
37.Bb2 Qd6 38.Rxd5 Nxd5 39.Bc1 Qe6 40.h4 gxh4 41.gxh4 Qf6 42.h5+ Kf7 43.f4 exf3+
44.Qxf3 Nc3 45.Bb2 Ne4 46.Qf4 Rg8+ 47.Kf3 Rg3+ 48.Qxg3 Nxg3 49.Kxg3 Qg5+
50.Kf2 f4 51.Rh3 Qf5 52.Rh4 Qc2+ 53.Kf3 Qxb2 54.Rxf4+ Kg7 55.Kg4 Qxa2 56.e4 Qxb3
57.e5 Qe6+ 58.Kg3 Qe7 59.Kg4 a5 60.Rf5 a4  0-1

[Event "Belgrade Spring Open 2012"]
[Site "Belgrade SRB"]
[Date "2012.03.31"]
[Round "8.1"]
[White "Martic,I SRB"]
[Black "Radlovacki,J"]
[Result "1/2-1/2"]
[WhiteElo "2392"]
[BlackElo "2407"]

1.d4 d5 2.Nf3 e6 3.c4 c6 4.Nc3 Nf6 5.e3 Nbd7 6.Qc2 Bd6 7.b3 O-O 8.Bb2 Re8
9.Bd3 dxc4 10.bxc4 e5 11.O-O  1/2-1/2

[Event "28th Budapest Spring Festival"]
[Site "Budapest HUN"]
[Date "2012.03.31"]
[Round "6.1"]
[White "Galyas,M"]
[Black "Radnai,A"]
[Result "1-0"]
[WhiteElo "2445"]
[BlackElo "2269"]

1.c4 c6 2.Nf3 d5 3.e3 Nf6 4.Nc3 e6 5.d4 Nbd7 6.Qc2 Bd6 7.Bd3 O-O 8.O-O dxc4
9.Bxc4 b5 10.Bd3 Bb7 11.e4 e5 12.a3 exd4 13.Nxd4 Nc5 14.Rd1 b4 15.Na4 Nxd3
16.Rxd3 Nxe4 17.Nf5 Qf6 18.Rf3 Qg6 19.Bf4 Qxf5 20.Bxd6 Qg6 21.Bxf8 Rxf8 22.Nc5 Nxc5
23.Qxc5 Qe4 24.Re3 Qh4 25.Rae1  1-0

[Event "28th Budapest Spring Festival"]
[Site "Budapest HUN"]
[Date "2012.03.31"]
[Round "6.21"]
[White "Szabo,P1"]
[Black "Albu,F"]
[Result "1/2-1/2"]
[WhiteElo "1918"]
[BlackElo "1794"]

1.d4 Nf6 2.Nf3 d5 3.c4 e6 4.Nc3 c6 5.e3 b6 6.Bd3 dxc4 7.Bxc4 Nbd7 8.O-O Bb7
9.Qe2 Be7 10.Rd1 Qc7 11.e4 b5 12.Bd3 b4 13.Na4 Qa5 14.b3 Rc8 15.Bb2 Qh5 16.Rac1 O-O
17.h3 Qh6 18.Rc2 g6 19.Bc1 Qg7 20.Be3 Rfe8 21.Nc5 Nxc5 22.dxc5 Nd7 23.Ba6 Bxa6
24.Qxa6 Nf6 25.Bd4 Qf8 26.Bxf6 Bxf6 27.Rd6 Be7 28.Rxc6 Rxc6 29.Qxc6 Rc8 30.Qb7 Rxc5
31.Rd2 Rc1+ 32.Kh2 Bd6+ 33.g3 Qe7 34.Qxe7 Bxe7 35.Ne5 Rc7 36.Kg2 Kg7 37.Nc4 h5
38.f4 Kf6 39.Kf3 Bc5 40.e5+ Ke7 41.Ke4  1/2-1/2

[Event "Final 4 of College Chess 2012"]
[Site "Herndon USA"]
[Date "2012.03.31"]
[Round "1"]
[White "Quan Zhe"]
[Black "Iotov,V"]
[Result "1/2-1/2"]
[WhiteElo "2427"]
[BlackElo "2560"]

1.d4 d5 2.c4 c6 3.Nc3 Nf6 4.e3 e6 5.Nf3 a6 6.b3 Bb4 7.Bd2 Bd6 8.Bd3 c5 9.cxd5 exd5
10.Rc1 Nc6 11.Ne2 cxd4 12.Nexd4 Nxd4 13.Nxd4 O-O 14.O-O Re8 15.Nf5 Be5 16.Bc3 Bxf5
17.Bxf5 Qd6  1/2-1/2

[Event "14th WGM Rector Cup"]
[Site "Kharkiv UKR"]
[Date "2012.03.31"]
[Round "6"]
[White "Goryachkina,A"]
[Black "Doluhanova,E"]
[Result "1-0"]
[WhiteElo "2341"]
[BlackElo "2269"]

1.d4 d5 2.c4 e6 3.Nf3 Nf6 4.Nc3 c6 5.e3 Nbd7 6.Qc2 Bd6 7.Bd3 O-O 8.O-O dxc4
9.Bxc4 b5 10.Bd3 Bb7 11.e4 e5 12.h3 exd4 13.Nxd4 Nc5 14.Rd1 b4 15.Nf5 bxc3
16.Qxc3 Nxd3 17.Rxd3 Be5 18.Rxd8 Bxc3 19.Rxf8+ Rxf8 20.bxc3 Nxe4 21.f3 Nxc3
22.Bb2 Nd5 23.Bxg7 Rd8 24.Bd4 a5 25.Re1 f6 26.Rd1 Rd7 27.Bc5 Bc8 28.Nd6 Ba6
29.Re1 Rd8 30.Re4 Bd3 31.Rg4+ Bg6 32.h4 f5 33.Nxf5 Kf7 34.Ng3 Nc3 35.a3 Rd5
36.Rc4 Nb1 37.Rc1 Nd2 38.Be3 a4 39.h5 Bxh5 40.Nxh5 Nb3 41.Nf4 Re5 42.Rc3  1-0

[Event "13th EICC"]
[Site "Plovdiv BUL"]
[Date "2012.03.31"]
[Round "11.82"]
[White "Kulaots,K"]
[Black "Diermair,A"]
[Result "0-1"]
[WhiteElo "2585"]
[BlackElo "2416"]

1.Nf3 d5 2.c4 c6 3.e3 Nf6 4.Nc3 e6 5.d4 Nbd7 6.Qc2 Bd6 7.Bd3 O-O 8.O-O dxc4
9.Bxc4 b5 10.Bd3 Bb7 11.e4 e5 12.h3 Re8 13.dxe5 Nxe5 14.Nxe5 Bxe5 15.Be3 a6
16.Rfd1 Qc7 17.a4 Rac8 18.Rac1 Bh2+ 19.Kh1 Bf4 20.Qd2 Bxe3 21.Qxe3 Qe7 22.Re1 b4
23.Nb1 Rcd8 24.Rcd1 c5 25.Nd2 g6 26.Kg1 Qd7 27.Bc2 Qc6 28.Nc4 Rxd1 29.Rxd1 Nxe4
30.Na5 Qc7 31.Nxb7 Qxb7 32.Qf3 Qe7 33.Bb3 Kg7 34.a5 Qc7 35.Qd3 Qf4 36.Qc2 Re7
37.Re1 Re5 38.Qe2 f6 39.Rd1 Nc3 40.Qd2 Ne2+ 41.Kh1 Qxf2 42.Qd7+ Kh6 43.Bg8 Nf4
44.Qxh7+ Kg5 45.Qb7 Re3 46.Qc6 Nxh3 47.Qxc5+ f5 48.Qd4 Nf4 49.Qd8+ Kg4 50.Bd5 g5
51.Bb7 Qh4+ 52.Kg1 Ne2+ 53.Kf1 Ng3+  0-1

[Event "European Senior Teams 2012"]
[Site "Rogaska Slatina SLO"]
[Date "2012.03.31"]
[Round "5.2"]
[White "Monin,N"]
[Black "Shvedchikov,A"]
[Result "1/2-1/2"]
[WhiteElo "2332"]
[BlackElo "2405"]

1.d4 d5 2.c4 c6 3.Nc3 Nf6 4.e3 e6 5.Nf3 a6 6.b3 b5 7.Be2 Nbd7 8.O-O Bb7 9.Bb2 Be7
10.Qc2 O-O 11.Rfd1 Qb8 12.Rab1 Rd8 13.h3 Qa7 14.c5 Qb8 15.b4 a5 16.a3 Qa7
17.Rbc1 axb4 18.axb4  1/2-1/2

[Event "TCh-CZE Liga 1 Zapad"]
[Site "Czech Rep CZE"]
[Date "2012.04.01"]
[Round "11.1"]
[White "Jirovsky,M"]
[Black "Sodoma,J"]
[Result "1/2-1/2"]
[WhiteElo "2466"]
[BlackElo "2380"]

1.Nf3 Nf6 2.c4 e6 3.Nc3 d5 4.d4 c6 5.e3 Nbd7 6.Qc2 Bd6 7.Bd2 O-O 8.h3 e5
9.cxd5 Nxd5 10.Nxd5 cxd5 11.dxe5 Nxe5 12.Bc3 Qe7 13.Be2 Bd7 14.Rd1 Bc6 15.O-O Rfd8
16.Nd4 g6 17.Nxc6 bxc6 18.e4 Bb4 19.Bd4 Rac8 20.a3 Bd6 21.f4 Nd7 22.e5 Bc5
23.Bg4 Rc7 24.Bxd7 Bxd4+ 25.Rxd4 Rdxd7 26.Qd2 Qe6 27.Rd1 Kg7 28.Qd3 f6 29.Re1 Re7
30.b4 fxe5 31.fxe5 Rcd7 32.Rf4 Rf7 33.Rxf7+ Rxf7 34.Qd4 h5 35.Rc1 Kh7 36.a4 Kh6
37.b5 cxb5 38.axb5 Re7 39.Ra1 Qxe5 40.Qxe5 Rxe5 41.Rxa7 d4 42.Rd7  1/2-1/2

[Event "European Senior Teams 2012"]
[Site "Rogaska Slatina SLO"]
[Date "2012.04.01"]
[Round "6.2"]
[White "Shvedchikov,A"]
[Black "Sorensen,B"]
[Result "1-0"]
[WhiteElo "2405"]
[BlackElo "2312"]

1.c4 e6 2.Nf3 d5 3.d4 c6 4.e3 Nf6 5.Nc3 Nbd7 6.Qc2 b6 7.Be2 Bb7 8.O-O Be7
9.Rd1 O-O 10.b3 c5 11.dxc5 bxc5 12.cxd5 exd5 13.Bb2 Qa5 14.Rac1 Rfd8 15.Na4 Rac8
16.Qf5 Nf8 17.Bc3 Qc7 18.Bxf6 Bxf6 19.Nxc5 Bb2 20.Rc2 Ba3 21.Nxb7 Qxc2 22.Qxc2 Rxc2
23.Nxd8 Rxe2 24.Rd2 Rxd2 25.Nxd2 Ne6 26.Nc6 a6 27.Nb1 Bd6 28.Nc3 Nc7 29.Kf1 Kf8
30.h3 Ke8 31.Ke2 Kd7 32.Nd4 Bf8 33.Kd3 Kd6 34.b4 g6 35.e4 Bg7 36.Nde2 dxe4+
37.Nxe4+ Kc6 38.Kc4 Nd5 39.Ng5 Nb6+ 40.Kb3 f6 41.Ne6 Bh6 42.a4 Nd7 43.a5 Kd6
44.N6d4 Kd5 45.Nf3 Ke4 46.Kc4 Bf8 47.Nc3+ Kf4 48.Nd5+ Ke4 49.Nc7 Nb8 50.b5 axb5+
51.Nxb5 h5 52.Nc3+ Kf5 53.Kb5 g5 54.Nd4+ Kg6 55.Nc6 Bd6 56.Ne4 Bc7 57.Nxb8 Bxb8
58.Kb6 Be5 59.a6  1-0

[Event "35th San Sebastian Open"]
[Site "Donostia ESP"]
[Date "2012.04.02"]
[Round "4"]
[White "Urkedal,F"]
[Black "Trujillo Alvarado,I"]
[Result "1-0"]
[WhiteElo "2460"]
[BlackElo "2173"]

1.d4 d5 2.c4 c6 3.Nf3 Nf6 4.e3 e6 5.Nc3 Be7 6.Bd3 O-O 7.O-O Nbd7 8.e4 dxe4
9.Nxe4 Nxe4 10.Bxe4 Bf6 11.Qc2 g6 12.Bf4 Re8 13.Rad1 Qe7 14.Rfe1 Qf8 15.Ne5 Nxe5
16.dxe5 Bg7 17.h4 f5 18.Bf3 h6 19.Qc1 Kh7 20.Rd6 Qe7 21.g3 Bf8 22.Red1 Qg7
23.R6d3 Be7 24.Qc3 c5 25.Bc1 a6 26.a4 a5 27.Bg2 g5 28.hxg5 hxg5 29.f4 Rg8
30.Kf2 Kg6 31.Qb3 Kf7 32.Qb6 g4 33.Be3 Qf8 34.Qc7 Kg6 35.b3 Rg7 36.Rh1 Ra7
37.Qb8 Ra6 38.Bxb7 Bxb7 39.Qxb7 Ra8 40.Rd7 Qe8 41.Ke2 Rb8 42.Qc6 Bf8 43.Rxg7+ Kxg7
44.Qc7+  1-0

[Event "European Senior Teams 2012"]
[Site "Rogaska Slatina SLO"]
[Date "2012.04.02"]
[Round "7.21"]
[White "Niebuhr,G"]
[Black "Palmo,P"]
[Result "1/2-1/2"]
[WhiteElo "2079"]
[BlackElo "2064"]

1.d4 Nf6 2.c4 e6 3.Nf3 d5 4.Nc3 c6 5.e3 Nbd7 6.Bd3 dxc4 7.Bxc4 b5 8.Bd3 a6
9.e4 Bb7 10.O-O c5 11.d5 exd5 12.Nxd5 Be7 13.Nxe7 Qxe7 14.e5 Nd5 15.Bf5 O-O
16.Bg5 f6 17.exf6 N7xf6 18.Re1 Qc7 19.Be6+ Kh8 20.Nh4 Nf4 21.Bxf4  1/2-1/2

[Event "European Senior Teams 2012"]
[Site "Rogaska Slatina SLO"]
[Date "2012.04.02"]
[Round "7.20"]
[White "Sandklef,A"]
[Black "Fernengel,R"]
[Result "1-0"]
[WhiteElo "1993"]
[BlackElo "1833"]

1.d4 d5 2.c4 c6 3.Nf3 e6 4.e3 Nf6 5.Nc3 Nbd7 6.Bd3 Bd6 7.O-O O-O 8.b3 Re8
9.cxd5 exd5 10.Bb2 Qe7 11.a4 Nf8 12.h3 g6 13.Qc2 Ne6 14.Rfe1 Bd7 15.e4 dxe4
16.Nxe4 Nxe4 17.Bxe4 Qd8 18.Qc3 Qf6 19.Qc2 Qf4 20.g3 Qh6 21.h4 Nc7 22.d5 Rxe4
23.Qxe4 Nxd5 24.Qd4 f6 25.Nd2 Qf8 26.Ne4 Be5 27.Qd2 Bxb2 28.Qxb2 Bf5 29.Qd4 a6
30.Rad1 Re8 31.Nc5 Rxe1+ 32.Rxe1 Bc8 33.a5 Qf7 34.Na4 Kg7 35.Nb6 Nxb6 36.Qxb6 Be6
37.b4 Bd5 38.Qc5 Kh6 39.Re7 Qg8 40.Qd6 g5 41.Qxf6+ Kh5 42.hxg5 Qg6 43.Qxg6+ hxg6
44.f4 Kg4 45.Kf2 Bc4 46.Rxb7 Bd5 47.Rh7 Kf5 48.Rh8 Kg4 49.Rf8 Bc4 50.Rf6 Bd3
51.Ke3 Bf5  1-0

[Event "European Senior Teams 2012"]
[Site "Rogaska Slatina SLO"]
[Date "2012.04.02"]
[Round "7.1"]
[White "Pushkov,N"]
[Black "Dragasevic,S"]
[Result "1-0"]
[WhiteElo "2390"]
[BlackElo "2267"]

1.d4 d5 2.c4 c6 3.Nf3 Nf6 4.Nc3 e6 5.e3 Nbd7 6.Qc2 Bd6 7.Bd3 dxc4 8.Bxc4 e5
9.O-O O-O 10.h3 Qe7 11.Bb3 h6 12.Nh4 Qd8 13.Nf5 Bc7 14.Rd1 exd4 15.exd4 Nb6
16.Nxh6+ gxh6 17.Qg6+ Kh8 18.Bxf7 Bf5 19.Qxh6+ Nh7 20.Bb3 Rf6 21.Qh4 Qd6
22.g3 Rg6 23.d5 Rag8 24.dxc6 Rxg3+ 25.fxg3 Rxg3+ 26.Kf2 Rd3 27.Qf4 Rxd1 28.Bxd1 Qxf4+
29.Bxf4 Bxf4 30.cxb7 Nf6 31.Bf3 Kg7 32.Rd1 Bd7 33.h4 Be5 34.Ne4 Nbd5 35.Nc5 Bc6
36.Ne6+  1-0

[Event "European Senior Teams 2012"]
[Site "Rogaska Slatina SLO"]
[Date "2012.04.03"]
[Round "8.1"]
[White "Pushkov,N"]
[Black "Klundt,K"]
[Result "1-0"]
[WhiteElo "2390"]
[BlackElo "2378"]

1.d4 d5 2.c4 c6 3.Nf3 Nf6 4.Nc3 e6 5.e3 Nbd7 6.Qc2 Bd6 7.Bd3 O-O 8.O-O dxc4
9.Bxc4 a6 10.Rd1 b5 11.Be2 Qc7 12.e4 e5 13.Bg5 Re8 14.dxe5 Nxe5 15.Bxf6 gxf6
16.g3 Bc5 17.Nxe5 fxe5 18.Rac1 Qb6 19.Bh5 Bd4 20.Qd2 Ra7 21.Qg5+ Kf8 22.Qf6 Kg8
23.Ne2 Re6 24.Qg5+ Kf8 25.Nxd4 exd4 26.Rc5 Rd7 27.Qc1 d3 28.Bg4 d2 29.Qc2 Rxe4
30.Qxe4 Qxc5 31.Bxd7 Bxd7 32.Qe3 Qh5 33.Rxd2 Be6 34.a3 Bd5 35.h4 Qf5 36.Kh2 a5
37.Re2 Kg7 38.Qe5+ Qxe5 39.Rxe5 a4 40.g4  1-0

[Event "European Senior Teams 2012"]
[Site "Rogaska Slatina SLO"]
[Date "2012.04.03"]
[Round "8.9"]
[White "Jorgensen,A"]
[Black "Monedero Gonzalez,J"]
[Result "0-1"]
[WhiteElo "1991"]
[BlackElo "2104"]

1.d4 e6 2.Nf3 d5 3.c4 c6 4.e3 Nf6 5.Nc3 Nbd7 6.Bd3 Be7 7.O-O dxc4 8.Bxc4 b5
9.Be2 Bb7 10.a3 a6 11.b4 a5 12.bxa5 Rxa5 13.Bb2 O-O 14.Qb3 Nb6 15.Ne5 Qa8
16.Bf3 Nfd5 17.Rfc1 f6 18.Nd3 Nc4 19.Nc5 Bxc5 20.Bxd5 exd5 21.dxc5 Qa7 22.Ne2 Ra8
23.Bd4 Rxa3 24.Rxa3 Qxa3 25.Qxa3 Rxa3 26.h3 Ne5 27.Rb1 Ra2 28.Nc1 Ra4 29.f3 Bc8
30.Ra1 Bf5 31.Kf2 Bc2 32.Ke2 b4 33.Kd2 Rxa1 34.Bxa1 Ba4 35.Bd4 Nc4+ 36.Ke1 Bc2
37.h4 b3 38.Nxb3 Bxb3 39.Kf2 Bc2 40.g3 Kf7 41.Ke2 g6 42.g4 f5 43.gxf5 Bxf5
44.Kf2 Nd2 45.Be5 Ke6 46.Bg7 Bd3 47.Bf8 Kf5 48.Be7 Nc4 49.Bf8 Kf6 50.Bh6 Kf7
51.Bf4 Ke6 52.Bh6 Ne5 53.Bg7 Bf5 54.Bf8 Bc2 55.Kg3 Bd1 56.f4 Nd7 57.Bd6 Kf5
58.Kf2 Nf6 59.Ke1 Bh5 60.Be7 Ng4  0-1

[Event "Semana Santa LAB Open"]
[Site "Bogota COL"]
[Date "2012.04.04"]
[Round "1"]
[White "Duran,Mauricio"]
[Black "Corredor,Jose"]
[Result "0-1"]
[WhiteElo "1817"]
[BlackElo "1790"]

1.Nf3 d5 2.d4 Nf6 3.e3 e6 4.c4 c6 5.Nc3 Nbd7 6.Be2 Be7 7.O-O O-O 8.Qc2 Nb6
9.c5 Nbd7 10.a4 Qc7 11.b4 e5 12.dxe5 Nxe5 13.Nxe5 Qxe5 14.f4 Qf5 15.Qxf5 Bxf5
16.h3 h5 17.Bf3 Bd3 18.Rd1 Bc4 19.Ne2 g6 20.Nd4 Ne4 21.Bb2 a6 22.Bxe4 dxe4
23.g4 hxg4 24.hxg4 Bf6 25.Rd2 Rfe8 26.Rad1 Bd3 27.Kf2 Rad8 28.Nxc6 Bh4+ 29.Kg2 bxc6  0-1

[Event "Semana Santa LAB Open"]
[Site "Bogota COL"]
[Date "2012.04.04"]
[Round "1"]
[White "Acosta Cruz,Luis Ivan"]
[Black "Camargo,S"]
[Result "1-0"]
[WhiteElo "1866"]
[BlackElo "2003"]

1.d4 d5 2.c4 c6 3.e3 Nf6 4.Nf3 e6 5.Nc3 Nbd7 6.Bd3 dxc4 7.Bxc4 Nd5 8.O-O Bd6
9.e4 Nxc3 10.bxc3 O-O 11.e5 Be7 12.Qd3 c5 13.Be3 a6 14.Qe4 Kh8 15.Qg4 f5
16.Qh5 Nb6 17.Bb3 c4 18.Bc2 Nd5 19.Bd2 Bd7 20.g4 Be8 21.Qh3 Bg6 22.g5 Kg8
23.a4 b5 24.Rfb1 b4 25.cxb4 c3 26.Bc1 Nxb4 27.Bb3 Qc8 28.Ba3 Rb8 29.Ne1 Rb7
30.f4 Rd8 31.Bxb4 Rxb4 32.Nc2 Rb8 33.Qf3 Kh8 34.Ba2 Rxb1+ 35.Rxb1 Be8 36.Rb3 Bxa4
37.Rxc3 Qd7 38.Bb3 Bb5 39.Kg2 a5 40.h4 Bb4 41.Nxb4 axb4 42.Rc5 h6 43.d5 exd5
44.Bxd5 Ba4 45.gxh6 gxh6 46.Kh3 Qa7 47.Qh5 Kg7 48.Qxf5 Rf8 49.Qg4+ Kh7 50.Be4+ Kh8
51.Qg6 Bd7+ 52.Kh2 Qa2+ 53.Rc2 Qf7 54.Qxh6+  1-0

[Event "Portisch at 75 Rapid"]
[Site "Budapest HUN"]
[Date "2012.04.04"]
[Round "4"]
[White "Portisch,L"]
[Black "Ljubojevic,L"]
[Result "1/2-1/2"]
[WhiteElo "2523"]
[BlackElo "2571"]

1.d4 Nf6 2.c4 e6 3.Nf3 d5 4.Nc3 c6 5.e3 Nbd7 6.Qc2 Bd6 7.b3 O-O 8.Be2 e5
9.cxd5 cxd5 10.Nb5 Bb4+ 11.Bd2 Bxd2+ 12.Nxd2 a6 13.dxe5 Nxe5 14.Nd4 Bg4 15.Bxg4 Nfxg4
16.O-O Rc8 17.Qb1 Rc3 18.h3 Nf6 19.Qf5 Nd3 20.Rad1 g6 21.Qf3 Ne5 22.Qf4 Re8
23.N4f3 Nxf3+ 24.Nxf3 Re4 25.Qh6 Re7 26.Rd4 Rc2 27.a4 Qf8 28.Qf4 Re6 29.Ng5 Rec6
30.Rd3 h6 31.Nf3 Ne4 32.Nd4 Rf6 33.Qxf6 Nxf6 34.Nxc2 Qc5 35.Nd4 Ne4 36.Rfd1 b5
37.axb5 axb5 38.Ne2 Qc2 39.Kf1 b4 40.f3 Nc3 41.Nxc3 bxc3 42.Rxd5 Qxb3 43.Rd8+ Kg7
44.Rc1 Qb5+ 45.Kg1 Qe2 46.Rdd1 Qxe3+ 47.Kf1 h5 48.Rc2 h4  1/2-1/2

[Event "Pobeskydi GM 2012"]
[Site "Frydek Mistek CZE"]
[Date "2012.04.04"]
[Round "3"]
[White "Siembab,B"]
[Black "Rojicek,V"]
[Result "0-1"]
[WhiteElo "2326"]
[BlackElo "2406"]

1.d4 d5 2.Nf3 Nf6 3.c4 c6 4.Nc3 e6 5.e3 Nbd7 6.b3 Bb4 7.Bd2 O-O 8.Bd3 b6
9.Qc2 Bb7 10.O-O h6 11.Rfe1 Bd6 12.e4 dxe4 13.Nxe4 Nxe4 14.Bxe4 Qc7 15.Bc3 Rad8
16.Rad1 f5 17.Bd3 c5 18.d5 exd5 19.Bxf5 d4 20.Be6+ Kh8 21.Nh4 Rf6 22.Bb2 Nf8
23.Bd5 Bxh2+ 24.Kh1 Bxd5 25.cxd5 Rxd5 26.Re8 Bd6 27.Qe4 Qf7 28.Nf3 Rxf3 29.Qxf3 Rh5+
30.Kg1 Qxe8  0-1

[Event "IND-ISR Match 2012"]
[Site "New Delhi IND"]
[Date "2012.04.04"]
[Round "12.4"]
[White "Gopal,G"]
[Black "Golod,V"]
[Result "1-0"]
[WhiteElo "2572"]
[BlackElo "2561"]

1.d4 d5 2.c4 c6 3.Nf3 Nf6 4.e3 e6 5.Nc3 Nbd7 6.Qc2 Bd6 7.Bd3 O-O 8.O-O dxc4
9.Bxc4 b5 10.Be2 Bb7 11.e4 e5 12.dxe5 Nxe5 13.Bg5 h6 14.Bh4 Ng6 15.Bg3 Bxg3
16.hxg3 Re8 17.Rad1 Qe7 18.Rfe1 Qc5 19.Bd3 Rad8 20.e5 Ng4 21.Bxg6 fxg6 22.Rxd8 Rxd8
23.Qe2 Bc8 24.Ne4 Qe7 25.Nd6 Be6 26.Nd4 Qd7 27.f3 Nxe5 28.Qxe5 Qxd6 29.Nxe6 Qxe5
30.Rxe5 Rd2 31.b4 Rxa2 32.Nd4 Ra1+  1-0

[Event "European Senior Teams 2012"]
[Site "Rogaska Slatina SLO"]
[Date "2012.04.04"]
[Round "9.18"]
[White "Svensson,Soren"]
[Black "Ranki,Martti"]
[Result "0-1"]
[WhiteElo "2062"]
[BlackElo "1915"]

1.d4 d5 2.c4 e6 3.Nf3 Nf6 4.Nc3 c6 5.e3 Be7 6.Bd3 Nbd7 7.Qe2 Qc7 8.Bd2 e5
9.cxd5 Nxd5 10.Nxd5 cxd5 11.dxe5 Nxe5 12.Nxe5 Qxe5 13.Bc3 Qg5 14.O-O-O O-O
15.h4 Qg4 16.f3 Qa4 17.Kb1 a6 18.Bc2 Qc6 19.Qd3 g6 20.Qd4 f6 21.h5 Qc5 22.Qd3 f5
23.hxg6 hxg6 24.Rh6 Kf7 25.Bb3 Be6 26.e4 fxe4 27.fxe4 Rad8 28.Qg3 Rg8 29.Qf3+ Ke8
30.exd5 Bf5+ 31.Ka1 Bd6 32.Rh7 Rd7 33.Re1+ Kd8 34.Rxd7+ Bxd7 35.Qf7 Re8 36.Qf6+ Kc8
37.Rc1 Bf5 38.Qd4 Kb8 39.Qxc5 Bxc5 40.Bd2 Bd6 41.Re1 Rh8 42.Be3 Bg3 43.Rd1 Kc7
44.a4 b5 45.Bc5 Kd7 46.Ka2 Rh4 47.Ka3 bxa4 48.Bxa4+ Rxa4+ 49.Kb3 Ra5 50.Kc4 Bg4
51.Rd2 Bf4 52.Rf2 Rxc5+  0-1

[Event "Semana Santa LAB Open"]
[Site "Bogota COL"]
[Date "2012.04.05"]
[Round "3"]
[White "Coy Herran,Alfonso"]
[Black "Salcedo,Di"]
[Result "1-0"]
[WhiteElo "1891"]
[BlackElo "2028"]

1.c4 Nf6 2.Nc3 e6 3.d4 d5 4.Nf3 c6 5.e3 Bd6 6.Bd3 Nbd7 7.O-O O-O 8.Re1 e5
9.dxe5 Nxe5 10.cxd5 Nxf3+ 11.gxf3 Nxd5 12.Nxd5 cxd5 13.f4 Re8 14.Qh5 h6 15.Qxd5 Qe7
16.Bd2 Be6 17.Qg2 Qd7 18.Bc3 Bf8 19.Red1 Bf5 20.Bxf5 Qxf5 21.Qxb7 Rab8 22.Qd5 Qg4+
23.Qg2 Qh5 24.Rd5 Qh4 25.Rad1 Rb6 26.f5 Kh7 27.R1d4 Qh5 28.Rg4 f6 29.Rd7 Qxf5
30.Rgxg7+ Kh8 31.Rg8+  1-0

[Event "39th La Roda Open"]
[Site "La Roda ESP"]
[Date "2012.04.05"]
[Round "2"]
[White "Gil Quilez,D"]
[Black "Korneev,O"]
[Result "1/2-1/2"]
[WhiteElo "2188"]
[BlackElo "2597"]

1.d4 Nf6 2.Nf3 d5 3.c4 c6 4.Nc3 e6 5.e3 Nbd7 6.Qc2 Bd6 7.Bd3 O-O 8.b3 e5
9.dxe5 Nxe5 10.Nxe5 Bxe5 11.Bb2 dxc4 12.bxc4 Qe7 13.h3 h6 14.O-O Nd7 15.f4 Bd6
16.Ne4 Nc5 17.Rf3 Nxe4 18.Bxe4 Ba3 19.Bc3 Bb4 20.Bb2 Ba3 21.Bc3 Bb4 22.Bb2 Bd7
23.Rg3 f6 24.Rb1 Bc5 25.Kh1 Rad8 26.Bd3 Bc8 27.Qe2 Bb4 28.Rd1 Kh8 29.Qh5 Rxd3
30.Rxd3 Qe4 31.Rd1 Be6 32.a3 Be7 33.c5 Bd5 34.Bd4 Rf7 35.Qg4 Bf8 36.Qe2 Re7
37.Qb2 Kh7 38.Kh2 Qf5 39.a4 Be4 40.a5 a6 41.Rd2 Rd7 42.Qc3 Be7 43.Rb2 Bd8
44.Rb3 Bd5 45.Rb2 Bc7 46.Kg1 Bb8 47.Rb4 Bc7 48.Rb2 Re7 49.Qd2 Bb8 50.Rb4 Qd7
51.Qc3 Re4  1/2-1/2

[Event "Semana Santa LAB Open"]
[Site "Bogota COL"]
[Date "2012.04.06"]
[Round "5"]
[White "Salcedo,Di"]
[Black "Dabraccio,Guillermo"]
[Result "1-0"]
[WhiteElo "2028"]
[BlackElo "1745"]

1.c4 c6 2.Nc3 d5 3.d4 Nf6 4.e3 e6 5.Nf3 Nbd7 6.Bd3 Be7 7.O-O O-O 8.Qe2 Qc7
9.e4 dxc4 10.Bxc4 e5 11.Rd1 b5 12.Bb3 Bb7 13.Bg5 Bd6 14.Rac1 a6 15.dxe5 Nxe5
16.Bxf6 gxf6 17.Nd5 Nxf3+ 18.Qxf3 Bxh2+ 19.Kh1 Qe5 20.Nxf6+ Kh8 21.Ng4  1-0

[Event "1st Balagne GM"]
[Site "Calvi FRA"]
[Date "2012.04.06"]
[Round "8.3"]
[White "Flear,G"]
[Black "Bruno,Fabi"]
[Result "1/2-1/2"]
[WhiteElo "2459"]
[BlackElo "2435"]

1.d4 d5 2.c4 c6 3.Nc3 Nf6 4.e3 e6 5.Nf3 a6 6.Qc2 Nbd7 7.b3 Bd6 8.Bb2 O-O
9.Be2 Qe7 10.O-O e5 11.dxe5 Nxe5 12.cxd5 cxd5 13.Rfd1 Be6 14.Rac1 Rac8 15.Qb1 Nc6
16.Ng5 d4 17.exd4 Bf4 18.Nxe6 fxe6 19.Rc2 Nb4 20.Ba3 Bxh2+ 21.Kxh2 Qc7+ 22.Kg1 Nxc2
23.Qxc2 Qxc3 24.Qxc3 Rxc3 25.Bxf8 Kxf8 26.Bd3 Ke7 27.g3 Kd6 28.Kg2 h6 29.Rd2 Nd5
30.Be4 b5 31.Kh3 Nf6 32.Bb7 a5 33.Ba6 b4 34.Re2 Nd5 35.Kg4 Rc1 36.Kh5 Rd1
37.Kg6 Rxd4 38.Kxg7 Nc3 39.Re1 Rd2 40.f4 Rg2 41.Kf7 Rxg3 42.Rxe6+ Kc5 43.Re5+ Kb6
44.Re6+ Kc5 45.Re5+ Kb6 46.Re6+ Kc5 47.Re5+  1/2-1/2

[Event "O2C Doeberl Cup Premier 2012"]
[Site "Canberra AUS"]
[Date "2012.04.06"]
[Round "3.20"]
[White "Dale,Ari"]
[Black "Wallis,C"]
[Result "0-1"]
[WhiteElo "2020"]
[BlackElo "2265"]

1.d4 d5 2.c4 c6 3.Nf3 Nf6 4.Nc3 e6 5.e3 Nbd7 6.Qc2 Bd6 7.g4 h6 8.Rg1 e5 9.cxd5 cxd5
10.Bd2 O-O 11.h3 e4 12.Nh4 Nb6 13.Ng2 Bd7 14.O-O-O Rc8 15.b3 Bb4 16.Kb2 Qe7
17.Qb1 a5 18.Ne2 Bxd2 19.Rxd2 Qb4 20.Rd1 Nc4+ 21.Ka1 Na3 22.Qb2 Rc2  0-1

[Event "O2C Doeberl Cup Premier 2012"]
[Site "Canberra AUS"]
[Date "2012.04.06"]
[Round "3.15"]
[White "Gorka,C"]
[Black "Sukandar,I"]
[Result "1-0"]
[WhiteElo "2149"]
[BlackElo "2349"]

1.d4 d5 2.Nf3 Nf6 3.c4 e6 4.Nc3 c6 5.e3 Nbd7 6.Qc2 Bd6 7.e4 dxe4 8.Nxe4 Nxe4
9.Qxe4 O-O 10.Bd3 Bb4+ 11.Kf1 Nf6 12.Qh4 Be7 13.Bg5 g6 14.Rd1 Re8 15.Bc2 h5
16.h3 Kg7 17.Qf4 Qa5 18.Ne5 Qxa2 19.Bh6+ Kg8 20.Bxg6 fxg6 21.Qg5  1-0

[Event "16th Neckar Open"]
[Site "Deizisau GER"]
[Date "2012.04.06"]
[Round "2.5"]
[White "Braun,P"]
[Black "Solodovnichenko,Y"]
[Result "0-1"]
[WhiteElo "2226"]
[BlackElo "2615"]

1.d4 Nf6 2.c4 e6 3.Nf3 d5 4.Nc3 c6 5.e3 Nbd7 6.Qc2 Bd6 7.Be2 O-O 8.O-O dxc4
9.Bxc4 b5 10.Be2 Bb7 11.Rd1 Qc7 12.h3 Rfe8 13.b3 e5 14.Bb2 exd4 15.Nxd4 b4
16.Nb1 c5 17.Bf3 Be4 18.Bxe4 Nxe4 19.Nb5 Bh2+ 20.Kh1 Qb8 21.a4 Ndf6 22.Bxf6 gxf6
23.g3 Bxg3 24.fxg3 a6 25.N1c3 bxc3 26.Nxc3 Nxg3+ 27.Kg1 Rxe3 28.Rd2 Qe5 29.Rc1 Kh8
30.Rg2 Re1+ 31.Rxe1 Qxe1+ 32.Kh2 Nf1+  0-1